000 00643nam a2200229 a 4500
008
020 _a0471599530 (pbk.)
040 _aMAIN
_cNUST
090 0 0 _aHB172.5
100 1 _aBarro, Robert J.
245 1 0 _aMacroeconomics /
_cRobert J. Barro.
250 _a4th ed.
260 _aNew York :
_bWiley,
_cc1993.
300 _axxi, 599, 14 p. :
_bill. ;
_c24 cm.
504 _aIncludes bibliographical references: p. 575-586.
650 0 _aMacroeconomics.
907 _a.b10081975
_b14-07-03
_c12-07-03
003
005 20230123133332.0
049 _aMAIN
942 _cBOOKS
_kHB172.5
999 _c146812
_d146812